| 000 | 00000nam 2200000za 4500 |
| 001 | 9.822392 |
| 003 | CaOODSP |
| 005 | 20221107143654 |
| 007 | cr ||||||||||| |
| 008 | 160810s1994 onc||||#o i00| 0 eng d |
| 040 | |aCaOODSP|beng |
| 043 | |an-cn--- |
| 086 | 1 |aE100-2/2-89-1807-01E-PDF |
| 110 | 1 |aCanada.|bBinational Secretariat. |
| 245 | 10|aLobsters from Canada |h[electronic resource] : |bfinal report of the panel. |
| 246 | 14|aIn the matter of: lobsters from Canada |
| 260 | |aOttawa : |b[Binational Secretariat, Canada-United States Free Trade Agreement], |cc1994. |
| 300 | |a107 p. |
| 500 | |aDate of submission: May 25, 1990. |
| 500 | |aIssued also in French under title: Homards du Canada: rapport final du Groupe spécial. |
| 504 | |aIncludes bibliographical references. |
| 692 | 07|2gccst|aFree trade agreements |
| 692 | 07|2gccst|aInternational trade |
| 692 | 07|2gccst|aFisheries |
| 775 | 08|tHomards du Canada |w(CaOODSP)9.822394 |
| 856 | 40|qPDF|s9.45 MB|uhttps://publications.gc.ca/collections/collection_2016/alena-sec-nafta/E100-2-2-89-1807-01-eng.pdf |
| 986 | |aUSA 89-1807-01 |